The special theory of relativity

محفوظ في:
التفاصيل البيبلوغرافية
المؤلف الرئيسي: Bohm, David (مؤلف)
التنسيق: كتاب
اللغة:الإنجليزية
منشور في: Nueva York W. A. Benjamin 1965
سلاسل:Lecture notes and supplements in phsics
الموضوعات:
الوسوم: إضافة وسم
لا توجد وسوم, كن أول من يضع وسما على هذه التسجيلة!

MARC

LEADER 00000nam a2200000 a 4500
001 UCT1014
003 CL-VaPUC
008 960913e19650000US |||||||||||||||||eng|d
082 0 4 |a 530.11  |b BOH  |2 21 
100 0 |a Bohm, David  |e author  |9 369683 
245 1 4 |a The special theory of relativity 
300 |a 236 p 
942 |c BK 
945 |d 19960913 00:00:00  |a cmena 
260 |a Nueva York  |b W. A. Benjamin  |c 1965 
650 0 |a Teoría de la relatividad   |9 266149 
650 7 |a ENERGIA CINETICA  |2 CL-VaPUC  |9 368071 
650 0 |a Relatividad  |9 269977 
650 0 |a Teorías científicas  |9 316549 
650 0 |a Física teórica  |9 345827 
650 7 |a ESPACIO-TIEMPO  |2 CL-VaPUC  |9 369684 
583 |a last modification  |c 19960913 00:00:00  |k Rodrigo Vera 
490 0 |a Lecture notes and supplements in phsics 
999 |c 251690  |d 251688 
952 |0 0  |1 0  |4 0  |6 530_110000000000000_BOH_1965  |7 0  |8 A  |9 271012  |a BIBCUR  |b BIBCUR  |d 2019-11-19  |i 454272K  |o 530.11 BOH 1965  |p 454272K  |r 2025-04-22  |w 2019-11-19  |y BK  |k FIS